000
00330 a2200157 4500
001
190859
020
_a
978-85-360-1097-7
040
_c
Magnum
100
_a
Carrère, Gwénola
240
1
0
_a
Abc procura-se
_l
por
245
1
0
_a
Abc procura-se
300
_a
48
362
0
_a
2011
697
_a
LITERATURA INFANTIL
942
_c
BK
999
_c
190859
_d
190859